000 00293nam a22001217a 4500
008 260505b |||||||| |||| 00| 0 eng d
082 _a001718
100 _aSadashiv, K
245 _aPrachina Bharathada Ithihasa
260 _aMysore
_bGupta offset Prinys
_c2025
300 _a522p
942 _2ddc
999 _c1418
_d1418